Statystyki dla Dni tygodnia w 15 sekund.

Kliknij tutaj aby rozwiązać quiz!

Ogólne statystyki

  • Ten quiz został rozwiązany 716 razy
  • Średni wynik to 6 z 7

Statystyki odpowiedzi

HintOdpowiedź% Poprawnych
1Poniedziałek
97%
3Środa
96%
2Wtorek
96%
4Czwartek
89%
5Piątek
83%
6Sobota
77%
7Niedziela
63%

Rozkład punktacji

Percentyl według liczby udzielonych odpowiedzi

Procent ludzi z każdym wynikiem

Twoja historia wyników

Nie rozwiązałeś tego quizu